Pharmacological evaluation on the effect of syzygium polyanthum (wight) walp, leaves extract on rat's blood pressure and related parameters /
محفوظ في:
| المؤلف الرئيسي: | |
|---|---|
| التنسيق: | أطروحة |
| اللغة: | English |
| منشور في: |
Gelugor, Pulau Pinang :
Universiti Sains Malaysia,
2015
|
| الموضوعات: | |
| الوسوم: |
إضافة وسم
لا توجد وسوم, كن أول من يضع وسما على هذه التسجيلة!
|
| LEADER | 010820000a22002530004500 | ||
|---|---|---|---|
| 008 | 150911t2015 my a f m 000 0 eng D | ||
| 040 | |a UIAM |b eng |e rda | ||
| 041 | |a eng may | ||
| 050 | 0 | |a RC685.H8 | |
| 100 | 0 | |a Azlini binti Ismail, |e author | |
| 245 | 1 | 0 | |a Pharmacological evaluation on the effect of syzygium polyanthum (wight) walp, leaves extract on rat's blood pressure and related parameters / |c by Azlini binti Ismail |
| 264 | 1 | |a Gelugor, Pulau Pinang : |b Universiti Sains Malaysia, |c 2015 | |
| 300 | |a xxxviii, 306 leaves : |b illustrations ; |c 30 cm.. | ||
| 336 | |2 rdacontent |a text | ||
| 337 | |2 rdamedia |a unmediated | ||
| 338 | |2 rdacarrier |a volume | ||
| 502 | |a Thesis (Ph. D.)---Universiti Sains Malaysia, 2015. | ||
| 504 | |a Includes bibliographical references (leaves 269-306). | ||
| 596 | |a 6 | ||
| 655 | 0 | 7 | |a Theses, non-IIUM |
| 710 | 2 | |a Universiti Sains Malaysia | |
| 900 | |a oc-amr-hj-a jt | ||
| 999 | |c 437810 |d 470169 | ||
| 952 | |0 0 |6 T RC 000685 H8 A995P 2015 |7 0 |8 THESES |9 760635 |a KIMC |b KIMC |c CLOSEACCES |g 0.00 |o t RC 685 H8 A995P 2015 |p 11100342294 |r 2019-09-04 |t 1 |v 0.00 |y THESIS | ||
